000 004610000a22001810004500
003 MACL
005 20160128162821.0
008 160128b xxu||||| |||| 00| 0 eng d
040 _aMACL
_cmalc
041 _aEnglish
082 _a900/PAN
100 _aPanikkar, K N
_935048
245 _aThe making of History
_bEssays presented to Irfan Habib
260 _bTulika
_c2000
_aNew Delhi
350 _a450
650 _aHistory
_935049
942 _cBK
_k900/PAN
_2ddc
999 _c32163
_d32163